[Event "6. Magistral da Hebraica 2009"]
[Site "Sao Paulo BRA"]
[Date "2009.04.20"]
[Round "1.1"]
[White "Greenfeld, Alon"]
[Black "Diamant, Andre"]
[Result "1/2-1/2"]
[WhiteElo "2541"]
[BlackElo "2506"]
[PlyCount "46"]
[EventDate "2009.04.20"]
[EventType "tourn"]
[EventRounds "9"]
[EventCountry "BRA"]
[EventCategory "9"]
[Source "lmi"]
[SourceDate "2009.04.20"]

1. d4 Nf6 2. c4 g6 3. g3 d5 4. cxd5 Nxd5 5. Bg2 Bg7 6. e4 Nb6 7. Ne2 O-O 8. O-O
Na6 9. Nbc3 c5 10. d5 e6 11. Nf4 exd5 12. Nfxd5 Nb4 13. Be3 N4xd5 14. exd5 Nc4
15. Bxc5 Re8 16. b3 Bxc3 17. bxc4 Bxa1 18. Qxa1 b6 19. Bd4 Qd6 20. Bh8 Qf8 21.
d6 Rb8 22. Bc6 Rd8 23. Rd1 Bd7 1/2-1/2

[Event "6. Magistral da Hebraica 2009"]
[Site "Sao Paulo BRA"]
[Date "2009.04.20"]
[Round "1.3"]
[White "Santos, Marcus Vinicius M."]
[Black "Van Riemsdijk, Herman C"]
[Result "1/2-1/2"]
[WhiteElo "2399"]
[BlackElo "2375"]
[PlyCount "31"]
[EventDate "2009.04.20"]
[EventType "tourn"]
[EventRounds "9"]
[EventCountry "BRA"]
[EventCategory "9"]
[Source "lmi"]
[SourceDate "2009.04.20"]

1. e4 e5 2. Nf3 Nc6 3. Bc4 Nf6 4. d4 exd4 5. e5 d5 6. Bb5 Ne4 7. Nxd4 Bd7 8.
Bxc6 bxc6 9. O-O Bc5 10. Be3 O-O 11. Nd2 Qe7 12. Nxe4 dxe4 13. Nb3 Bb6 14. Qd2
h6 15. a4 Be6 16. Qc3 1/2-1/2

[Event "6. Magistral da Hebraica 2009"]
[Site "Sao Paulo BRA"]
[Date "2009.04.20"]
[Round "1.5"]
[White "Perdomo, Leandro"]
[Black "Fier, Alexandr"]
[Result "0-1"]
[WhiteElo "2424"]
[BlackElo "2595"]
[PlyCount "96"]
[EventDate "2009.04.20"]
[EventType "tourn"]
[EventRounds "9"]
[EventCountry "BRA"]
[EventCategory "9"]
[Source "lmi"]
[SourceDate "2009.04.20"]

1. d4 Nf6 2. c4 e6 3. Nf3 b6 4. g3 Ba6 5. Nbd2 Bb4 6. Qb3 c5 7. Bg2 Nc6 8. dxc5
Bxc5 9. O-O O-O 10. a3 Rc8 11. Qa4 Bb7 12. b4 Be7 13. Bb2 Rc7 14. Rac1 Qa8 15.
c5 bxc5 16. bxc5 Nb8 17. Nb3 Na6 18. Be5 Nxc5 19. Nxc5 Rxc5 20. Bxf6 gxf6 21.
Qxd7 Qc8 22. Rcd1 Rc7 23. Qa4 a6 24. Qh4 Rc4 25. Rd4 Rxd4 26. Nxd4 Bxg2 27.
Kxg2 Qc4 28. e3 Qd5+ 29. Kg1 Rc8 30. Rb1 Bxa3 31. Qxf6 Bf8 32. h4 Bg7 33. Qf4
Rd8 34. Nf3 a5 35. e4 Qd7 36. e5 h6 37. Ra1 Qd5 38. g4 Rb8 39. Kh2 Rb3 40. Kg2
Bxe5 41. Qxe5 Qxf3+ 42. Kf1 Qh3+ 43. Ke1 Qxg4 44. Rxa5 Rb1+ 45. Kd2 Qd1+ 46.
Kc3 Qb3+ 47. Kd4 Rd1+ 48. Kc5 Rd5+ 0-1

[Event "6. Magistral da Hebraica 2009"]
[Site "Sao Paulo BRA"]
[Date "2009.04.21"]
[Round "2.1"]
[White "Diamant, Andre"]
[Black "Fier, Alexandr"]
[Result "0-1"]
[WhiteElo "2506"]
[BlackElo "2595"]
[PlyCount "90"]
[EventDate "2009.04.20"]
[EventType "tourn"]
[EventRounds "9"]
[EventCountry "BRA"]
[EventCategory "9"]
[Source "lmi"]
[SourceDate "2009.04.20"]

1. e4 c5 2. Nf3 d6 3. d4 cxd4 4. Nxd4 Nf6 5. Nc3 e6 6. g3 Nc6 7. Bg2 Bd7 8. O-O
Be7 9. Be3 O-O 10. a4 Nxd4 11. Bxd4 Bc6 12. a5 Qc7 13. Qe2 Rfe8 14. Qc4 Rec8
15. Rfd1 Nd7 16. Qe2 a6 17. Nd5 Bxd5 18. exd5 e5 19. Bh3 exd4 20. Qxe7 Ne5 21.
Qxc7 Rxc7 22. Rac1 Re8 23. Kf1 Nc4 24. b3 Na3 25. Rxd4 Nb5 26. Rd3 Nc3 27. Re1
Kf8 28. Rxe8+ Kxe8 29. Ke1 Rc5 30. b4 Rc4 31. Bf1 Kf8 32. Re3 Rc7 33. Kd2 Nxd5
34. Rb3 Nf6 35. Bg2 Ke7 36. b5 Nd7 37. b6 Rc5 38. Bxb7 Rxa5 39. c4 Ra2+ 40. Ke1
Nc5 41. Bd5 Nxb3 42. b7 Ra1+ 43. Ke2 Nc1+ 44. Kd2 Rb1 45. Kc2 Rb6 0-1

[Event "6. Magistral da Hebraica 2009"]
[Site "Sao Paulo BRA"]
[Date "2009.04.21"]
[Round "2.2"]
[White "Duarte, Leonardo"]
[Black "Perdomo, Leandro"]
[Result "1-0"]
[WhiteElo "2349"]
[BlackElo "2424"]
[PlyCount "109"]
[EventDate "2009.04.20"]
[EventType "tourn"]
[EventRounds "9"]
[EventCountry "BRA"]
[EventCategory "9"]
[Source "lmi"]
[SourceDate "2009.04.20"]

1. e4 e5 2. Nf3 Nc6 3. Bb5 a6 4. Ba4 Nf6 5. O-O b5 6. Bb3 Be7 7. Re1 O-O 8. a3
d6 9. c3 Na5 10. Bc2 c5 11. d4 exd4 12. cxd4 Bg4 13. h3 Bxf3 14. Qxf3 cxd4 15.
Qd3 Rc8 16. b4 Qc7 17. Re2 Qc4 18. Qxc4 bxc4 19. bxa5 d3 20. Re1 dxc2 21. Nc3
Bd8 22. Bd2 Bxa5 23. Rac1 Rfe8 24. f3 d5 25. exd5 Rxe1+ 26. Bxe1 Bxc3 27. Bxc3
Nxd5 28. Rxc2 f6 29. Kf2 Kf7 30. Bd4 Ke6 31. g3 c3 32. Ke2 Rc4 33. Be3 Kd6 34.
Kd3 Ra4 35. Bc1 f5 36. Re2 h5 37. h4 f4 38. Re4 Ra5 39. gxf4 Rb5 40. Re8 Rb1
41. Kc2 Ra1 42. Ra8 Ra2+ 43. Kd3 Rf2 44. Rxa6+ Kc5 45. Ra5+ Kc6 46. Kc4 Nb6+
47. Kxc3 Rxf3+ 48. Kd4 Rh3 49. Rxh5 Nd7 50. Rg5 Rxh4 51. Rg6+ Kb5 52. Rxg7 Rh1
53. Bd2 Rd1 54. Ke3 Nb6 55. Bb4 1-0

[Event "6. Magistral da Hebraica 2009"]
[Site "Sao Paulo BRA"]
[Date "2009.04.21"]
[Round "2.3"]
[White "Van Riemsdijk, Herman C"]
[Black "Rodi, Luis Ernesto"]
[Result "1-0"]
[WhiteElo "2375"]
[BlackElo "2357"]
[PlyCount "111"]
[EventDate "2009.04.20"]
[EventType "tourn"]
[EventRounds "9"]
[EventCountry "BRA"]
[EventCategory "9"]
[Source "lmi"]
[SourceDate "2009.04.20"]

1. e4 e5 2. Nf3 Nc6 3. Bb5 a6 4. Ba4 Nf6 5. O-O Be7 6. Re1 b5 7. Bb3 d6 8. c3
O-O 9. d3 Na5 10. Bc2 c5 11. Nbd2 Qc7 12. Nf1 Nc6 13. Ne3 Bd7 14. a3 Rfc8 15.
Bb3 Nd8 16. Nh4 Be6 17. Nhf5 Bf8 18. Nd5 Nxd5 19. Bxd5 Bxd5 20. exd5 g6 21. Qg4
f6 22. f4 Nf7 23. Ng3 Bg7 24. f5 g5 25. Be3 c4 26. Rad1 Qb7 27. Qe4 cxd3 28.
Qxd3 Qd7 29. Bf2 Rc7 30. Re4 Rac8 31. a4 Nh6 32. axb5 axb5 33. Rb4 Rc4 34. Rxc4
bxc4 35. Qe4 Qa4 36. Rd2 Rb8 37. Nf1 Bf8 38. h3 Be7 39. b4 Rc8 40. Qb1 Bd8 41.
Ra2 Qb5 42. Qe4 Bb6 43. Bxb6 Qxb6+ 44. Kh2 Rc7 45. Ne3 Qb5 46. Ra5 Qd7 47. Ra6
Nf7 48. Rc6 Nh6 49. b5 Rb7 50. b6 Nf7 51. Qxc4 Rb8 52. Rc7 Qe8 53. b7 Nd8 54.
Ng4 Qf8 55. Qb5 h5 56. Nxf6+ 1-0

[Event "6. Magistral da Hebraica 2009"]
[Site "Sao Paulo BRA"]
[Date "2009.04.21"]
[Round "2.4"]
[White "Milos, Gilberto"]
[Black "Santos, Marcus Vinicius M."]
[Result "1/2-1/2"]
[WhiteElo "2585"]
[BlackElo "2399"]
[PlyCount "93"]
[EventDate "2009.04.20"]
[EventType "tourn"]
[EventRounds "9"]
[EventCountry "BRA"]
[EventCategory "9"]
[Source "lmi"]
[SourceDate "2009.04.20"]

1. e4 c5 2. Nf3 g6 3. d4 cxd4 4. Nxd4 Nc6 5. c4 Nf6 6. Nc3 d6 7. Nc2 Bg7 8. Be2
O-O 9. O-O Nd7 10. Qe1 a5 11. Be3 a4 12. Rb1 Nc5 13. f3 f5 14. Qd2 fxe4 15.
Nxe4 Bf5 16. Ng3 Bxc2 17. Qxc2 Nd4 18. Qd1 Nxe2+ 19. Qxe2 Qa5 20. Kh1 Rf7 21.
Bxc5 Qxc5 22. Ne4 Qe5 23. Rfe1 Ra6 24. Qc2 Qf4 25. Nf2 Ra5 26. Re4 Qf5 27. Nd3
d5 28. cxd5 Qxd5 29. Nb4 Qf5 30. Rbe1 Bf6 31. Nd3 Rf8 32. Rf4 Qd5 33. Nb4 Qd6
34. Rfe4 Rd8 35. a3 Rh5 36. f4 b5 37. Qe2 Rc5 38. Qf2 Rdc8 39. g3 Rc1 40. Kg2
Rxe1 41. Rxe1 Rc4 42. Re2 Rxb4 43. axb4 Qxb4 44. Rd2 Kf7 45. g4 g5 46. fxg5
Qxg4+ 47. Qg3 1/2-1/2

[Event "6. Magistral da Hebraica 2009"]
[Site "Sao Paulo BRA"]
[Date "2009.04.22"]
[Round "3.2"]
[White "Santos, Marcus Vinicius M."]
[Black "Greenfeld, Alon"]
[Result "1/2-1/2"]
[WhiteElo "2399"]
[BlackElo "2541"]
[PlyCount "64"]
[EventDate "2009.04.20"]
[EventType "tourn"]
[EventRounds "9"]
[EventCountry "BRA"]
[EventCategory "9"]
[Source "lmi"]
[SourceDate "2009.04.20"]

1. e4 c5 2. Nc3 d6 3. f4 g6 4. Nf3 Bg7 5. Bc4 Nc6 6. O-O e6 7. d3 Nge7 8. Qe1
O-O 9. f5 gxf5 10. Qg3 Ne5 11. Bf4 Nxc4 12. dxc4 e5 13. Bh6 Ng6 14. Bxg7 f4 15.
Qg5 Kxg7 16. Rad1 Be6 17. b3 a6 18. Rd3 b5 19. Rfd1 bxc4 20. Rxd6 Qxg5 21. Nxg5
Bg4 22. R1d5 cxb3 23. axb3 h6 24. Nf3 Bxf3 25. gxf3 c4 26. bxc4 Rfb8 27. Na4
Rb4 28. Nb6 Ra7 29. c5 Rc7 30. Na8 Rc8 31. Nb6 Rc7 32. Na8 Ra7 1/2-1/2

[Event "6. Magistral da Hebraica 2009"]
[Site "Sao Paulo BRA"]
[Date "2009.04.22"]
[Round "3.3"]
[White "Rodi, Luis Ernesto"]
[Black "Milos, Gilberto"]
[Result "1/2-1/2"]
[WhiteElo "2357"]
[BlackElo "2585"]
[PlyCount "94"]
[EventDate "2009.04.20"]
[EventType "tourn"]
[EventRounds "9"]
[EventCountry "BRA"]
[EventCategory "9"]
[Source "lmi"]
[SourceDate "2009.04.20"]

1. e4 c5 2. Nf3 d6 3. d4 cxd4 4. Nxd4 Nf6 5. Nc3 Nc6 6. Bg5 e6 7. Qd2 a6 8.
O-O-O Bd7 9. f3 Be7 10. Kb1 O-O 11. h4 b5 12. Nxc6 Bxc6 13. Bd3 Qc7 14. h5 Rfc8
15. h6 g6 16. Qf4 Ne8 17. Bxe7 Qxe7 18. e5 dxe5 19. Qxe5 b4 20. Ne2 Bb7 21. Ng3
Rc5 22. Qf4 a5 23. Ne4 Bxe4 24. Bxe4 Rac8 25. Rd2 Qc7 26. Qe3 a4 27. Rhd1 a3
28. Rd7 Qe5 29. Qd4 f5 30. Qxe5 Rxe5 31. Bd3 Rc6 32. Rd8 Kf7 33. Rb8 Nf6 34.
Rxb4 Nd5 35. Rb5 Kf6 36. c4 Ne3 37. Rc1 Nxg2 38. bxa3 Ne1 39. Rxe5 Nxd3 40. Rb5
Nxc1 41. Kxc1 Rxc4+ 42. Kb2 Rc7 43. a4 Kg5 44. a5 Kf4 45. a6 Ra7 46. Rb7 Rxa6
47. Rxh7 Kg5 1/2-1/2

[Event "6. Magistral da Hebraica 2009"]
[Site "Sao Paulo BRA"]
[Date "2009.04.22"]
[Round "3.4"]
[White "Perdomo, Leandro"]
[Black "Van Riemsdijk, Herman C"]
[Result "1/2-1/2"]
[WhiteElo "2424"]
[BlackElo "2375"]
[PlyCount "21"]
[EventDate "2009.04.20"]
[EventType "tourn"]
[EventRounds "9"]
[EventCountry "BRA"]
[EventCategory "9"]
[Source "lmi"]
[SourceDate "2009.04.20"]

1. d4 Nf6 2. c4 e6 3. Nf3 d5 4. Bg5 Bb4+ 5. Nc3 h6 6. Bxf6 Qxf6 7. Qb3 c5 8.
cxd5 exd5 9. dxc5 Bxc3+ 10. Qxc3 Qxc3+ 11. bxc3 1/2-1/2

[Event "6. Magistral da Hebraica 2009"]
[Site "Sao Paulo BRA"]
[Date "2009.04.22"]
[Round "3.5"]
[White "Fier, Alexandr"]
[Black "Duarte, Leonardo"]
[Result "1-0"]
[WhiteElo "2595"]
[BlackElo "2349"]
[PlyCount "89"]
[EventDate "2009.04.20"]
[EventType "tourn"]
[EventRounds "9"]
[EventCountry "BRA"]
[EventCategory "9"]
[Source "lmi"]
[SourceDate "2009.04.20"]

1. d4 Nf6 2. Nf3 c5 3. d5 g6 4. Nc3 Bg7 5. e4 d6 6. Bb5+ Bd7 7. a4 O-O 8. O-O
Bg4 9. Re1 Nbd7 10. h3 Bxf3 11. Qxf3 Ne8 12. Bg5 Nc7 13. Bf1 Rb8 14. Ra2 Re8
15. Qg3 a6 16. a5 b5 17. axb6 Rxb6 18. b3 Qb8 19. Na4 Rb7 20. Nb2 Nb6 21. Nc4
Nxc4 22. Bxc4 Rb6 23. Bd2 Nb5 24. c3 Nc7 25. Qd3 Qb7 26. Be3 Rxb3 27. Bxb3 Qxb3
28. Qb1 Qxb1 29. Rxb1 Bxc3 30. Rb7 Rc8 31. Rc2 Bf6 32. Rb6 Ra8 33. Ra2 Kg7 34.
g4 h6 35. f4 a5 36. Rb7 Ne8 37. e5 dxe5 38. g5 exf4 39. gxf6+ Nxf6 40. Bxc5
Nxd5 41. Bxe7 Re8 42. Bc5 g5 43. Bd4+ Kg6 44. Rxa5 Ne7 45. Re5 1-0

[Event "6. Magistral da Hebraica 2009"]
[Site "Sao Paulo BRA"]
[Date "2009.04.23"]
[Round "4.2"]
[White "Van Riemsdijk, Herman C"]
[Black "Fier, Alexandr"]
[Result "1/2-1/2"]
[WhiteElo "2375"]
[BlackElo "2595"]
[PlyCount "108"]
[EventDate "2009.04.20"]
[EventType "tourn"]
[EventRounds "9"]
[EventCountry "BRA"]
[EventCategory "9"]
[Source "lmi"]
[SourceDate "2009.04.20"]

1. e4 c5 2. Nf3 e6 3. d4 cxd4 4. Nxd4 a6 5. c4 Nf6 6. Nc3 Qc7 7. a3 b6 8. Be3
Bb7 9. Bd3 Nc6 10. Nxc6 Bxc6 11. Rc1 Qb7 12. O-O d6 13. f3 Be7 14. Qd2 O-O 15.
Qf2 b5 16. c5 Nd7 17. cxd6 Bxd6 18. Rfd1 Be5 19. Rd2 Nf6 20. Ne2 Rac8 21. Nd4
Bd7 22. Rxc8 Rxc8 23. Nb3 Qb8 24. g3 Be8 25. Bf1 b4 26. axb4 Qxb4 27. Nc5 a5
28. Nd3 Qb5 29. Rc2 Rxc2 30. Qxc2 Bd6 31. Bc5 Bc7 32. Bd4 Bb6 33. Bxb6 Qxb6+
34. Qc5 Qd8 35. Kf2 a4 36. Ke3 h6 37. Qd4 Qa5 38. Qc5 Qa6 39. Be2 Qb7 40. Qb4
Qa7+ 41. Qd4 Qb8 42. Qb4 Qa7+ 43. Qd4 Qa8 44. Nc5 Qa5 45. Na6 Qe1 46. Qd1 Qa5
47. Qd4 Qh5 48. Qd8 Qe5 49. Qb8 Qa5 50. e5 Nd5+ 51. Kf2 Kf8 52. Qd6+ Kg8 53.
Qb8 Kf8 54. Qd6+ Kg8 1/2-1/2

[Event "6. Magistral da Hebraica 2009"]
[Site "Sao Paulo BRA"]
[Date "2009.04.23"]
[Round "4.4"]
[White "Greenfeld, Alon"]
[Black "Rodi, Luis Ernesto"]
[Result "1/2-1/2"]
[WhiteElo "2541"]
[BlackElo "2357"]
[PlyCount "82"]
[EventDate "2009.04.20"]
[EventType "tourn"]
[EventRounds "9"]
[EventCountry "BRA"]
[EventCategory "9"]
[Source "lmi"]
[SourceDate "2009.04.20"]

1. Nf3 f5 2. d3 d6 3. e4 Nc6 4. exf5 Bxf5 5. d4 e5 6. Bb5 exd4 7. Nxd4 Bd7 8.
O-O Nxd4 9. Bxd7+ Qxd7 10. Qxd4 Nf6 11. c4 Be7 12. Nc3 O-O 13. b3 Rf7 14. Bb2
Qg4 15. Qxg4 Nxg4 16. Nd5 Bf6 17. Nxf6+ Nxf6 18. Rfe1 Kf8 19. f3 Re8 20. Kf1 g6
21. Rxe8+ Kxe8 22. Re1+ Kd7 23. b4 Ne8 24. Rd1 Rf5 25. Kf2 b6 26. Ke3 a6 27. g4
Rf7 28. c5 bxc5 29. bxc5 Kc6 30. cxd6 Nxd6 31. Bd4 Re7+ 32. Kd3 Nb5 33. Rc1+
Kb7 34. Bc5 Re6 35. f4 Kc8 36. a4 Nd6 37. Bd4 Kd7 38. h4 Re4 39. Rf1 Ke6 40.
Rd1 Kd7 41. Rf1 Ke6 1/2-1/2

[Event "6. Magistral da Hebraica 2009"]
[Site "Sao Paulo BRA"]
[Date "2009.04.24"]
[Round "5.1"]
[White "Santos, Marcus Vinicius M."]
[Black "Diamant, Andre"]
[Result "1/2-1/2"]
[WhiteElo "2399"]
[BlackElo "2506"]
[PlyCount "27"]
[EventDate "2009.04.20"]
[EventType "tourn"]
[EventRounds "9"]
[EventCountry "BRA"]
[EventCategory "9"]
[Source "lmi"]
[SourceDate "2009.04.20"]

1. e4 c5 2. Nc3 Nc6 3. f4 e6 4. Nf3 d5 5. Bb5 Nge7 6. exd5 exd5 7. Qe2 Be6 8.
Bxc6+ bxc6 9. b3 Nf5 10. O-O Bd6 11. Ba3 Bxf4 12. Bxc5 Bd6 13. Qf2 Qc7 14. Na4
1/2-1/2

[Event "6. Magistral da Hebraica 2009"]
[Site "Sao Paulo BRA"]
[Date "2009.04.24"]
[Round "5.5"]
[White "Duarte, Leonardo"]
[Black "Van Riemsdijk, Herman C"]
[Result "1/2-1/2"]
[WhiteElo "2349"]
[BlackElo "2375"]
[PlyCount "113"]
[EventDate "2009.04.20"]
[EventType "tourn"]
[EventRounds "9"]
[EventCountry "BRA"]
[EventCategory "9"]
[Source "lmi"]
[SourceDate "2009.04.20"]

1. e4 e5 2. Nf3 Nc6 3. d4 exd4 4. Nxd4 Bc5 5. Nxc6 Qf6 6. Qd2 dxc6 7. Nc3 Bd4
8. f4 Nh6 9. e5 Qh4+ 10. g3 Qd8 11. Ne4 Be6 12. Bg2 Nf5 13. Qe2 h5 14. c3 Bb6
15. Ng5 Qe7 16. Bd2 O-O-O 17. Bh3 g6 18. Ne4 Kb8 19. Bg2 Bd5 20. Nf6 Bxg2 21.
Qxg2 Rd3 22. O-O-O Rhd8 23. Qe2 c5 24. c4 R3d4 25. Bc3 Rxd1+ 26. Rxd1 c6 27.
Rxd8+ Bxd8 28. Qd3 Kc8 29. Ne4 b6 30. h3 Qd7 31. Qxd7+ Kxd7 32. Kd2 Be7 33. Kd3
Ke6 34. Ke2 Nh6 35. Kf3 Nf5 36. g4 hxg4+ 37. hxg4 Ng7 38. Nf2 Ne8 39. Ke4 f5+
40. exf6 Bxf6 41. Bxf6 Nxf6+ 42. Kf3 Nd7 43. a4 b5 44. axb5 cxb5 45. cxb5 Kd5
46. Ne4 Kc4 47. Nd6+ Kb3 48. Nc8 Kxb2 49. Nxa7 c4 50. Nc6 Kb3 51. Ne5 c3 52.
Nd3 Kc4 53. Ke2 Kxb5 54. Kd1 Kc4 55. Kc2 Kd4 56. f5 gxf5 57. gxf5 1/2-1/2

[Event "6. Magistral da Hebraica 2009"]
[Site "Sao Paulo BRA"]
[Date "2009.04.25"]
[Round "6.1"]
[White "Diamant, Andre"]
[Black "Van Riemsdijk, Herman C"]
[Result "1-0"]
[WhiteElo "2506"]
[BlackElo "2375"]
[PlyCount "107"]
[EventDate "2009.04.20"]
[EventType "tourn"]
[EventRounds "9"]
[EventCountry "BRA"]
[EventCategory "9"]
[Source "lmi"]
[SourceDate "2009.04.20"]

1. e4 c5 2. Nf3 e6 3. d4 cxd4 4. Nxd4 Nf6 5. Nc3 Nc6 6. Ndb5 Bb4 7. a3 Bxc3+ 8.
Nxc3 d5 9. exd5 exd5 10. Bd3 O-O 11. O-O d4 12. Ne2 Bg4 13. f3 Bh5 14. Nf4 Bg6
15. Nxg6 hxg6 16. f4 Ne7 17. Qf3 Qd5 18. Qh3 Qh5 19. Qg3 Nf5 20. Qg5 Nd6 21.
Qxh5 gxh5 22. f5 Nde4 23. Bf4 Rfe8 24. Rfe1 Nc5 25. Bc4 a6 26. Rad1 b5 27. Ba2
Rxe1+ 28. Rxe1 Nce4 29. Rd1 Rd8 30. Be5 Rc8 31. Bb1 Re8 32. Bxd4 Nd6 33. Bxf6
gxf6 34. Rxd6 Re1+ 35. Kf2 Rxb1 36. b4 Rb2 37. Rc6 Ra2 38. Rc3 Kf8 39. Kg3 Kg7
40. Kf4 Ra1 41. h4 Kf8 42. Ke4 Ke7 43. Kd5 Kd7 44. Kc5 Kc7 45. Re3 Ra2 46. Re7+
Kd8 47. Rxf7 Rxa3 48. Kd6 Ke8 49. Ra7 Rc3 50. Rxa6 Rxc2 51. Ke6 Kf8 52. Kxf6
Kg8 53. Ke7 Rc4 54. f6 1-0

[Event "6. Magistral da Hebraica 2009"]
[Site "Sao Paulo BRA"]
[Date "2009.04.25"]
[Round "6.2"]
[White "Milos, Gilberto"]
[Black "Duarte, Leonardo"]
[Result "1-0"]
[WhiteElo "2585"]
[BlackElo "2349"]
[PlyCount "63"]
[EventDate "2009.04.20"]
[EventType "tourn"]
[EventRounds "9"]
[EventCountry "BRA"]
[EventCategory "9"]
[Source "lmi"]
[SourceDate "2009.04.20"]

1. d4 Nf6 2. c4 c5 3. d5 b5 4. cxb5 a6 5. bxa6 g6 6. Nc3 Bxa6 7. Nf3 Bg7 8. g3
d6 9. Bg2 Nbd7 10. Rb1 Ng4 11. Qc2 Qa5 12. Bd2 Nge5 13. Nxe5 Nxe5 14. b3 O-O
15. a4 Rfb8 16. O-O Ng4 17. h3 Nf6 18. Rfe1 Qd8 19. Kh2 Qd7 20. e4 Ne8 21. Bf4
Nc7 22. e5 Bb7 23. h4 dxe5 24. Bxe5 Bxe5 25. Rxe5 Re8 26. Rbe1 Rac8 27. Qe2 Kf8
28. Qe3 e6 29. Qh6+ Ke7 30. dxe6 Nxe6 31. Bxb7 Qxb7 32. Rxe6+ 1-0

[Event "6. Magistral da Hebraica 2009"]
[Site "Sao Paulo BRA"]
[Date "2009.04.25"]
[Round "6.3"]
[White "Greenfeld, Alon"]
[Black "Fier, Alexandr"]
[Result "1/2-1/2"]
[WhiteElo "2541"]
[BlackElo "2595"]
[PlyCount "25"]
[EventDate "2009.04.20"]
[EventType "tourn"]
[EventRounds "9"]
[EventCountry "BRA"]
[EventCategory "9"]
[Source "lmi"]
[SourceDate "2009.04.20"]

1. Nf3 Nf6 2. c4 e6 3. d4 b6 4. g3 Ba6 5. Qa4 Bb7 6. Bg2 c5 7. dxc5 bxc5 8. O-O
Be7 9. Nc3 O-O 10. Rd1 Qb6 11. Bf4 d6 12. Rd2 Rd8 13. Rad1 1/2-1/2

[Event "6. Magistral da Hebraica 2009"]
[Site "Sao Paulo BRA"]
[Date "2009.04.25"]
[Round "6.5"]
[White "Santos, Marcus Vinicius M."]
[Black "Rodi, Luis Ernesto"]
[Result "0-1"]
[WhiteElo "2399"]
[BlackElo "2357"]
[PlyCount "160"]
[EventDate "2009.04.20"]
[EventType "tourn"]
[EventRounds "9"]
[EventCountry "BRA"]
[EventCategory "9"]
[Source "lmi"]
[SourceDate "2009.04.20"]

1. e4 e6 2. d4 d5 3. Nc3 Bb4 4. e5 c5 5. Bd2 Nh6 6. Nb5 Bxd2+ 7. Qxd2 O-O 8. f4
a6 9. Nd6 cxd4 10. Nf3 f6 11. Bd3 Nc6 12. O-O-O fxe5 13. fxe5 Nxe5 14. Nxe5
Qxd6 15. Qg5 Bd7 16. Nxd7 Qxd7 17. Qe5 Nf5 18. Rde1 Ne3 19. Re2 Rae8 20. Qxd4
Nf5 21. Qe5 g6 22. Rhe1 Ng7 23. Kb1 Rc8 24. Qd4 Qc7 25. Re5 Qf7 26. g3 Qf2 27.
Qb4 b5 28. R5e2 Qc5 29. Qa5 Rc6 30. Qd2 b4 31. g4 Qd4 32. h3 a5 33. Rg2 Rc7 34.
h4 a4 35. Qe3 Qxe3 36. Rxe3 Rcf7 37. Kc1 Rf2 38. Rg1 R8f3 39. Rxf3 Rxf3 40. a3
bxa3 41. bxa3 Ne8 42. h5 Kg7 43. Re1 Nc7 44. Kd2 Rg3 45. Rb1 Ne8 46. Rb7+ Kh6
47. hxg6 hxg6 48. Rb4 Nf6 49. Rxa4 e5 50. Ra6 Kg5 51. Re6 e4 52. Be2 Rxa3 53.
Re5+ Kf4 54. Re6 Nxg4 55. Bxg4 Kxg4 56. Rxg6+ Kf5 57. Rg8 Ke5 58. c3 Ra2+ 59.
Ke3 Rh2 60. Rg5+ Kd6 61. Rg8 Rh3+ 62. Kd2 Rd3+ 63. Kc2 Ke5 64. Rf8 Rf3 65. Kd2
Rd3+ 66. Kc2 Rf3 67. Rh8 Rf2+ 68. Kd1 e3 69. Re8+ Kf4 70. Re7 Kf3 71. Rf7+ Ke4
72. Rd7 Rd2+ 73. Kc1 Rh2 74. Kd1 Rg2 75. Rd8 Rd2+ 76. Kc1 d4 77. cxd4 Kd3 78.
Ra8 Rc2+ 79. Kb1 e2 80. Re8 Rd2 0-1

[Event "6. Magistral da Hebraica 2009"]
[Site "Sao Paulo BRA"]
[Date "2009.04.26"]
[Round "7.1"]
[White "Rodi, Luis Ernesto"]
[Black "Diamant, Andre"]
[Result "1/2-1/2"]
[WhiteElo "2357"]
[BlackElo "2506"]
[PlyCount "249"]
[EventDate "2009.04.20"]
[EventType "tourn"]
[EventRounds "9"]
[EventCountry "BRA"]
[EventCategory "9"]
[Source "lmi"]
[SourceDate "2009.04.20"]

1. e4 c5 2. Nf3 e6 3. d4 cxd4 4. Nxd4 Nf6 5. Nc3 d6 6. g4 h6 7. g5 hxg5 8. Bxg5
Nc6 9. h4 Be7 10. Be2 a6 11. Qd2 Qb6 12. Nb3 Qc7 13. O-O-O b5 14. Qe3 b4 15.
Na4 Rb8 16. Nd2 Bd7 17. b3 e5 18. Bc4 Nd4 19. Qd3 Qa5 20. Be3 Nb5 21. Bxf7+
Kxf7 22. Bb6 Qxb6 23. Nxb6 Rxb6 24. Rdg1 Rc8 25. Qg3 Bf8 26. Nc4 Rbc6 27. f4
exf4 28. Qxf4 Na3 29. Nxa3 bxa3 30. c4 Re8 31. Qg5 Re5 32. Qg6+ Ke7 33. Re1 Be8
34. Qg1 Rcc5 35. Rh2 a5 36. Qd4 Re6 37. e5 Rcxe5 38. Rxe5 Rxe5 39. Rd2 Ke6 40.
Rd3 g6 41. Kd1 Bc6 42. Re3 Be4 43. Ke1 Bh6 44. Re2 Bf4 45. Kf2 Ng4+ 46. Kg1 Nf6
47. Kf2 Bc1 48. c5 Bb2 49. Qxd6+ Kf7 50. Kg1 Rd5 51. Qc7+ Rd7 52. Qxa5 Rd1+ 53.
Re1 Bd4+ 54. Kf1 Bd3+ 55. Kg2 Rxe1 56. Qxe1 Bxc5 57. Qc3 Be4+ 58. Kf1 Bd6 59.
Qd4 Ke6 60. b4 Be5 61. Qe3 Kf5 62. Qxa3 Nd5 63. b5 Kf4 64. Qc1+ Kf3 65. Qd1+
Kf4 66. Qd2+ Kf3 67. Qg2+ Ke3 68. Qf2+ Kd3 69. Qe2+ Kd4 70. Qb2+ Nc3 71. b6 Bb7
72. Qb4+ Kd5 73. Qa5+ Kd6 74. Qb4+ Kc6 75. Qc4+ Kd7 76. Qf7+ Kc6 77. Qxg6+ Kc5
78. Qe6 Ba6+ 79. Ke1 Kd4 80. b7 Bg3+ 81. Kd2 Ne4+ 82. Kc2 Bxb7 83. Qd7+ Nd6 84.
Qg7+ Be5 85. Qg1+ Kc4 86. Qf1+ Kc5 87. h5 Be4+ 88. Kc1 Nc4 89. Qf8+ Bd6 90.
Qf2+ Kd5 91. h6 Ne5 92. Qa7 Ng6 93. Qf7+ Kd4 94. h7 Be5 95. Qa7+ Kd3 96. Qa6+
Ke3 97. a4 Nf4 98. Qb6+ Ke2 99. Qb5+ Nd3+ 100. Kc2 Bxh7 101. Kb3 Bf5 102. Kc2
Ke3 103. a5 Be4 104. a6 Bd4 105. Qg5+ Nf4+ 106. Kb3 Bd5+ 107. Kb4 Ke4 108. Qe7+
Ne6 109. Qh7+ Ke5 110. a7 Kd6 111. Qh2+ Kd7 112. Qh7+ Kd6 113. Qh2+ Be5 114.
Qf2 Nc7 115. Qf8+ Ke6 116. Kc5 Ba8 117. Qc8+ Ke7 118. Qg8 Ne6+ 119. Kc4 Nc7
120. Kd3 Bd6 121. Qg7+ Ke6 122. Qg4+ Ke7 123. Qg7+ Kd8 124. Qh8+ Kd7 125. Kc4
1/2-1/2

[Event "6. Magistral da Hebraica 2009"]
[Site "Sao Paulo BRA"]
[Date "2009.04.26"]
[Round "7.4"]
[White "Duarte, Leonardo"]
[Black "Greenfeld, Alon"]
[Result "1/2-1/2"]
[WhiteElo "2349"]
[BlackElo "2541"]
[PlyCount "25"]
[EventDate "2009.04.20"]
[EventType "tourn"]
[EventRounds "9"]
[EventCountry "BRA"]
[EventCategory "9"]
[Source "lmi"]
[SourceDate "2009.04.20"]

1. e4 c5 2. Nf3 Nc6 3. d4 cxd4 4. Nxd4 Nf6 5. Nc3 d6 6. f3 e5 7. Nb3 Be7 8. Be3
Be6 9. Qd2 d5 10. exd5 Nxd5 11. Nxd5 Qxd5 12. Qxd5 Bxd5 13. O-O-O 1/2-1/2

[Event "6. Magistral da Hebraica 2009"]
[Site "Sao Paulo BRA"]
[Date "2009.04.27"]
[Round "8.2"]
[White "Greenfeld, Alon"]
[Black "Van Riemsdijk, Herman C"]
[Result "1-0"]
[WhiteElo "2541"]
[BlackElo "2375"]
[PlyCount "81"]
[EventDate "2009.04.20"]
[EventType "tourn"]
[EventRounds "9"]
[EventCountry "BRA"]
[EventCategory "9"]
[Source "lmi"]
[SourceDate "2009.04.20"]

1. d4 Nf6 2. Nf3 d5 3. c4 e6 4. Nc3 Bb4 5. cxd5 exd5 6. Bg5 h6 7. Bh4 g5 8. Bg3
Ne4 9. Nd2 Nxc3 10. bxc3 Bxc3 11. Rc1 Bb2 12. Bxc7 Qe7 13. Bd6 Qe6 14. Rb1 Bc3
15. Ba3 Nc6 16. e3 Bxd4 17. Bb5 Be5 18. O-O Bd6 19. Bb2 O-O 20. Nf3 Qg6 21. Nd4
Ne5 22. Be2 g4 23. Ba1 b6 24. Nb5 Bb8 25. Nc3 Qd6 26. g3 Be6 27. e4 Rd8 28.
Nxd5 Bxd5 29. exd5 Qxd5 30. Bxg4 Qxd1 31. Rfxd1 Rxd1+ 32. Rxd1 Bc7 33. Bh5 Re8
34. Kg2 Re7 35. a4 Nc4 36. Bf6 Re6 37. Bc3 Bd6 38. Bg4 Re7 39. Bf6 Rc7 40. Be2
Bf8 41. Rd4 1-0